Statistics for Countries, US States, Capitals, Elements, 100 Most Common Words: starting with 3 Consonants

Click here to take the quiz!

General Stats

  • This quiz has been taken 341 times
  • The average score is 7 of 14

Answer Stats

ANSWER% Correct
Kyrgyzstan
67%
Strontium
60%
Chromium
56%
Cyprus
53%
Chlorine
51%
Krypton
50%
Yttrium
48%
Ytterbium
45%
Syria
44%
Dysprosium
42%
Hydrogen
40%
Phnom Penh
37%
Springfield
37%
N'Djamena
31%

Score Distribution

Percentile by Number Answered

Percent of People with Each Score

Your Score History

You have not taken this quiz